2024/25 WSL Teams - Statistics

General Stats
  • This quiz has been taken 38 times
  • The average score is 11 of 12
Answer Stats
Nickname Teams % Correct
The Gunners Arsenal
97%
The Blues Chelsea
97%
Spurs Tottenham Hotspur
94%
The Seagulls Brighton
91%
The Reds Liverpool
91%
The Foxes Leicester City
88%
The Citizens Man City
88%
The Hammers West Ham
88%
The Eagles Crystal Palace
84%
The Red Devils Man United
84%
The Lions Aston Villa
81%
The Toffees Everton
81%
No matching quizzes found
Score Distribution
Percent of People with Each Score
Percentile by Number Answered
Your Score History
You have not taken this quiz